Leche y sus derivados / (Record no. 172681)
[ view plain ]
| 000 -CABECERA | |
|---|---|
| campo de control de longitud fija | 00887nam a2200313Ia 4500 |
| 001 - NÚMERO DE CONTROL | |
| campo de control | dia_2140 |
| 003 - IDENTIFICADOR DEL NÚMERO DE CONTROL | |
| campo de control | CHAP |
| 005 - FECHA Y HORA DE LA ÚLTIMA TRANSACCIÓN | |
| campo de control | 20251023162546.0 |
| 008 - DATOS DE LONGITUD FIJA--INFORMACIÓN GENERAL | |
| campo de control de longitud fija | 220117s1987 xx 000 0 und d |
| 010 ## - NÚMERO DE CONTROL DE LA BIBLIOTECA DEL CONGRESO | |
| Número de control de LC | 172681 |
| 020 ## - NÚMERO INTERNACIONAL ESTÁNDAR DEL LIBRO | |
| Número Internacional Estándar del Libro | 968-24-2221-3 |
| 040 ## - FUENTE DE LA CATALOGACIÓN | |
| Centro/agencia transcriptor | CHAP |
| 082 ## - NÚMERO DE LA CLASIFICACIÓN DECIMAL DEWEY | |
| Número de clasificación | 637.1 S26 1987 |
| 100 ## - ENTRADA PRINCIPAL--NOMBRE DE PERSONA | |
| Nombre de persona | Santos Moreno, Armando |
| 9 (RLIN) | 102515 |
| 245 ## - MENCIÓN DE TÍTULO | |
| Título | Leche y sus derivados / |
| Mención de responsabilidad, etc. | Armando Santos Moreno |
| 260 ## - PUBLICACIÓN, DISTRIBUCIÓN, ETC. | |
| Lugar de publicación, distribución, etc. | Mexico : |
| Nombre del editor, distribuidor, etc. | Trillas, |
| Fecha de publicación, distribución, etc. | 1987 |
| 300 ## - DESCRIPCIÓN FÍSICA | |
| Extensión | 224 p. |
| 503 ## - NOTA DE HISTORIA BIBLIOGRÁFICA (BK CF MU) [OBSOLETO] | |
| Nota de historia bibliográfica | C/e |
| 504 ## - NOTA DE BIBLIOGRAFÍA, ETC. | |
| Nota de bibliografía, etc. | Bibliografía: p. 215-217 |
| 590 ## - NOTA LOCAL (RLIN) | |
| Nota local | SF250.5 S26 1987 |
| 650 ## - PUNTO DE ACCESO ADICIONAL DE MATERIA--TÉRMINO DE MATERIA | |
| Término de materia o nombre geográfico como elemento de entrada | Dairy products |
| 9 (RLIN) | 147027 |
| 650 #7 - PUNTO DE ACCESO ADICIONAL DE MATERIA--TÉRMINO DE MATERIA | |
| Término de materia o nombre geográfico como elemento de entrada | Industria lechera |
| Subdivisión geográfica | México |
| 9 (RLIN) | 57847 |
| 650 #0 - PUNTO DE ACCESO ADICIONAL DE MATERIA--TÉRMINO DE MATERIA | |
| Término de materia o nombre geográfico como elemento de entrada | Milk industry |
| Subdivisión geográfica | Mexico |
| 9 (RLIN) | 152321 |
| 650 ## - PUNTO DE ACCESO ADICIONAL DE MATERIA--TÉRMINO DE MATERIA | |
| Término de materia o nombre geográfico como elemento de entrada | Productos lácteos |
| 9 (RLIN) | 92124 |
| 901 ## - ELEMENTOS DE DATOS A LOCAL LDA (RLIN) | |
| a | 637.1 S26 1987 |
| 902 ## - ELEMENTOS DE DATOS B LOCAL, LDB (RLIN) | |
| a | M |
| 905 ## - ELEMENTOS DE DATOS E LOCAL, LDE (RLIN) | |
| a | 5232271987 MX abmn8222223322SPA16 |
| 942 ## - ELEMENTOS DE PUNTO DE ACCESO ADICIONAL (KOHA) | |
| Tipo de ítem Koha | Libro |
| Fuente del sistema de clasificación o colocación | Dewey Decimal Classification |
| Estado de retiro | Estado de pérdida | Fuente del sistema de clasificación o colocación | Estado dañado | Restricciones de uso | No para préstamo | Código de colección | Localización permanente | Ubicación/localización actual | Fecha de adquisición | Fuente de adquisición | Coste, precio normal de compra | Número de inventario | Total de préstamos | Signatura topográfica completa | Código de barras | Fecha visto por última vez | Fecha del último préstamo | Número de copia | Tipo de ítem Koha | Ubicación en estantería | Información codificada de la localización en otra ubicación | Precio válido a partir de |
|---|---|---|---|---|---|---|---|---|---|---|---|---|---|---|---|---|---|---|---|---|---|---|
| Dewey Decimal Classification | Préstamo 5 días | General | Ingenieria Agroindustrial | Ingenieria Agroindustrial | 18/01/2022 | Compra Librería Gaona F. 1693 / R. (18/04/1989) | 5238.00 | C/e | 14 | 637.1 S26 1987 | dia_002951 | 20/10/2025 | 10/10/2025 | 7 | Libro | |||||||
| Dewey Decimal Classification | General | Ingenieria Agroindustrial | Ingenieria Agroindustrial | 18/01/2022 | 2 | dia_002827 | 26/05/2025 | 26/05/2025 | 1 | Libro | 1 | 18/01/2022 | ||||||||||
| Dewey Decimal Classification | General | Ingenieria Agroindustrial | Ingenieria Agroindustrial | 18/01/2022 | 9 | dia_002828 | 24/06/2025 | 18/06/2025 | 2 | Libro | 1 | 18/01/2022 | ||||||||||
| Dewey Decimal Classification | Préstamo 5 días | General | Ingenieria Agroindustrial | Ingenieria Agroindustrial | 18/01/2022 | Compra Librería Gaona F. 1693 / R. (18/04/1989) | 5238.00 | C/e | 1 | 637.1 S26 1987 | dia_002947 | 22/05/2024 | 22/05/2024 | 3 | Libro | |||||||
| Dewey Decimal Classification | Préstamo 5 días | General | Ingenieria Agroindustrial | Ingenieria Agroindustrial | 18/01/2022 | Compra Librería Gaona F. 1693 / R. (18/04/1989) | 5238.00 | C/e | 4 | 637.1 S26 1987 | dia_002948 | 20/08/2024 | 20/08/2024 | 4 | Libro | |||||||
| Dewey Decimal Classification | Préstamo 5 días | General | Ingenieria Agroindustrial | Ingenieria Agroindustrial | 18/01/2022 | Compra Librería Gaona F. 1693 / R. (18/04/1989) | 5238.00 | C/e | 3 | 637.1 S26 1987 | dia_002949 | 10/06/2025 | 10/06/2025 | 5 | Libro | |||||||
| Dewey Decimal Classification | Préstamo 5 días | General | Ingenieria Agroindustrial | Ingenieria Agroindustrial | 18/01/2022 | Compra Librería Gaona F. 1693 / R. (18/04/1989) | 5238.00 | C/e | 10 | 637.1 S26 1987 | dia_002950 | 10/10/2025 | 10/10/2025 | 6 | Libro |
